000 00287nam a2200109Ia 4500
001 1264716
005 20260417141947.0
008 260417s9999 xx 000 0 und d
020 _a9786051852362
245 0 _aKapalı İktisat Açık Metin
_cFatih Altuğ
260 _bEverest Yayınları
999 _c1264716
_d1264716